=LDR 00000nam 2200000 4500 =001 INLIS000000000011661 =005 20130612103215 =008 ***********************************Ind** =035 ##$$0010-061300000011661 =041 ##$$a Ind =082 ##$$a 712.3 =090 ##$$a 712.3, Hak, u =100 ##$$a Hakim, Rustam =245 ##$$a Unsur perancangan dalam arsitektur Lanskap, Ir.Rustam Hakim =260 ##$$a 1987 $b Jakarta =300 ##$$a ix, 176 hlm., ilus, 21 cm =650 ##$$a Taman =850 ##$$a NBPNMAT